000 00935nam a2200289 a 4500
999 _c62575
_d62575
001 62575
003 Mx-PuUPA
005 20190703113516.0
008 150515s2001 sp a r 000 0 spa d
020 _a84-8476-027-8
040 _cMx-PuUPA
041 0 _aspa
082 0 _a634.39
_bTIM
100 1 _aTimmer, L. W.
_d1941-
_q(Lavern Wayne)
_eautor
_9998
245 1 0 _aPlagas y enfermedades de los cítricos /
_cL. W. Timmer; S. M. Garnsey; J. H. Graham.
250 _aSegunda edición
264 1 _aEspaña :
_bEdiciones Mundi-Prensa,
_c2001
300 _a95 páginas :
_bilustraciones ;
_c29 cm.
336 _atexto
_2rdacontent
337 _asin mediación
_2rdamedia
338 _avolumen
_2rdacarrier
650 4 _aCítricos
_xEnfermedades y plagas
700 1 _aGarnsey, Stephen Michael
_eautor
_9999
700 1 _aGraham, J. H.
_d1952-
_q(James H.)
_eautor
_91000
740 0 _aCompendium of citrus diseases
942 _2ddc
_cLI